Language meaning and religion (Record no. 38141)

MARC details
000 -LEADER
fixed length control field 00380nam a2200133 4500
082 ## - DEWEY DECIMAL CLASSIFICATION NUMBER
Classification number 401
Item number SRI
100 ## - MAIN ENTRY--PERSONAL NAME
Personal name Shrivastava, R. P.
245 ## - TITLE STATEMENT
Title Language meaning and religion
Statement of responsibility, etc. by R. P. Srivastava
260 ## - PUBLICATION, DISTRIBUTION, ETC.
Place of publication, distribution, etc. Delhi
Name of publisher, distributor, etc. Ajanta Publications
Date of publication, distribution, etc. 1990
300 ## - PHYSICAL DESCRIPTION
Extent [4],164p.; 22cm.
650 ## - SUBJECT ADDED ENTRY--TOPICAL TERM
Topical term or geographic name entry element language and Logic
650 ## - SUBJECT ADDED ENTRY--TOPICAL TERM
Topical term or geographic name entry element Meta-Epistomology
650 ## - SUBJECT ADDED ENTRY--TOPICAL TERM
Topical term or geographic name entry element languages-Religious Aspects
Holdings
Withdrawn status Lost status Damaged status Not for loan Collection code Home library Current library Date acquired Total Checkouts Full call number Barcode Date last seen Date last checked out Price effective from Koha item type
          North Eastern Hill University North Eastern Hill University 24/11/2011 2 401 SRI 90804 04/08/2016 04/08/2016 24/11/2011 Books